[Event "Fomeque op"]
[Site "Fomeque"]
[Date "2023.08.20"]
[Round "3"]
[White "Sabogal Varela, Jose Joaquin"]
[Black "Jimenez Mendez, William"]
[Result "1/2-1/2"]
[WhiteElo "1864"]
[BlackElo "1423"]
[PlyCount "86"]
[EventDate "2023.08.19"]
[EventType "swiss"]
[EventRounds "6"]
[EventCountry "COL"]
[SourceTitle "EXT 2024"]
[Source "ChessBase"]
[SourceDate "2023.10.10"]
[SourceVersion "1"]
[SourceVersionDate "2023.10.10"]
[SourceQuality "1"]

1. d4 Nf6 2. c4 e6 3. Nf3 d5 4. g3 dxc4 5. Bg2 c6 6. 0-0 Be7 7. Nc3 0-0 8. Ne5 Nbd7 9. Nxc4 Nb6 10. Ne5 Nbd7 11. Nxd7 Bxd7 12. e4 Qa5 13. Bf4 Rac8 14. a3 c5 15. dxc5 Qxc5 16. Rc1 Qa5 17. e5 Nd5 18. Nxd5 exd5 19. Rxc8 Bxc8 20. Bxd5 Rd8 21. Bxf7+ Kxf7 22. Qh5+ Kg8 23. Rc1 Qd5 24. Be3 b6 25. Rc7 Bb7 26. f3 Bc5 27. Bxc5 bxc5 28. Qg4 Qd1+ 29. Kg2 Rd2+ 30. Kh3 Qf1+ 31. Kh4 Rxh2+ 32. Kg5 h6+ 33. Kg6 Qd3+ 34. Qf5 Qxf5+ 35. Kxf5 Bxf3 36. e6 Re2 37. Rc8+ Kh7 38. Rxc5 Be4+ 39. Kf4 Bg2 40. Rc7 Rxe6 41. Rxa7 Re2 42. b4 Rb2 43. g4 Bf1 1/2-1/2

[Event "COL-ch U26"]
[Site "Cali"]
[Date "2022.09.30"]
[Round "6"]
[White "Sabogal Varela, Jose Joaquin"]
[Black "Virviescas Sanchez, Christian Stewart"]
[Result "1-0"]
[WhiteElo "1864"]
[BlackElo "1631"]
[PlyCount "63"]
[EventDate "2022.09.28"]
[EventType "swiss"]
[EventRounds "6"]
[EventCountry "COL"]
[SourceTitle "CBM 210 Extra"]
[Source "ChessBase"]
[SourceDate "2022.11.30"]
[SourceVersion "1"]
[SourceVersionDate "2022.11.30"]
[SourceQuality "1"]

1. d4 d5 2. Bf4 Nf6 3. Nf3 e6 4. e3 c5 5. c3 Nc6 6. Nbd2 Bd6 7. Bg3 0-0 8. Bd3 Re8 9. Ne5 Bxe5 10. dxe5 Nd7 11. f4 f6 12. Bh4 c4 13. Bc2 Qe7 14. Qh5 Nf8 15. exf6 Qf7 16. Qg5 g6 17. Nf3 b5 18. Qh6 Nd7 19. Ng5 Qxf6 20. Qxh7+ Kf8 21. Bxg6 Re7 22. Qh6+ Qg7 23. Nh7+ Kg8 24. Qg5 Ba6 25. 0-0 b4 26. Rf3 bxc3 27. bxc3 Qxc3 28. Raf1 Rg7 29. Rg3 Ne7 30. Bf7+ Kxf7 31. Qxe7+ Kg8 32. Nf6+ 1-0

[Event "COL-ch U26"]
[Site "Cali"]
[Date "2022.09.28"]
[Round "2"]
[White "Alvarez Angel, Nelson Eduardo"]
[Black "Sabogal Varela, Jose Joaquin"]
[Result "1-0"]
[WhiteElo "2023"]
[BlackElo "1864"]
[PlyCount "81"]
[EventDate "2022.09.28"]
[EventType "swiss"]
[EventRounds "6"]
[EventCountry "COL"]
[SourceTitle "CBM 210 Extra"]
[Source "ChessBase"]
[SourceDate "2022.11.30"]
[SourceVersion "1"]
[SourceVersionDate "2022.11.30"]
[SourceQuality "1"]

1. d4 d5 2. c4 e6 3. cxd5 exd5 4. Nc3 Nf6 5. Bg5 Be7 6. e3 c6 7. Bd3 Ne4 8. Bf4 Nf6 9. Nge2 0-0 10. Qc2 Nbd7 11. 0-0 Re8 12. Bg3 Nf8 13. f3 Bd6 14. Bf2 c5 15. Kh1 c4 16. Bf5 Bxf5 17. Qxf5 Qd7 18. Qc2 b5 19. a3 a5 20. e4 dxe4 21. fxe4 Bc7 22. e5 Ng4 23. Bg1 Ra6 24. Ne4 Rh6 25. Nc5 Qc8 26. Ng3 Ne6 27. Qf5 Nxc5 28. Qxf7+ Kh8 29. Nf5 Ne6 30. Nxh6 Nxh6 31. Qh5 Bb6 32. Rad1 Rf8 33. Rxf8+ Qxf8 34. d5 Bxg1 35. Rxg1 Nc5 36. Qe2 Nd3 37. Rf1 Qd8 38. e6 Ng8 39. Rf7 Qg5 40. e7 Nxe7 41. Rf8+ 1-0

[Event "COL Intercollegiate-ch blitz U18"]
[Site "Paipa"]
[Date "2019.12.15"]
[Round "11"]
[White "Sabogal Varela, Jose Joaquin"]
[Black "Yepez Ortiz, Dubier"]
[Result "1/2-1/2"]
[WhiteElo "1653"]
[BlackElo "1792"]
[PlyCount "48"]
[EventDate "2019.12.15"]
[EventType "swiss (blitz)"]
[EventRounds "12"]
[EventCountry "COL"]
[SourceTitle "CBM 193 Extra"]
[Source "ChessBase"]
[SourceDate "2020.01.31"]
[SourceVersion "1"]
[SourceVersionDate "2020.01.31"]
[SourceQuality "1"]

1. e4 c5 2. Nf3 Nc6 3. d4 cxd4 4. Nxd4 Nf6 5. Nc3 e6 6. a3 d5 7. Bg5 Be7 8. Bb5 0-0 9. Bxc6 e5 10. Bxf6 Bxf6 11. Nxd5 exd4 12. Nxf6+ Qxf6 13. Bd5 Qg5 14. 0-0 Bh3 15. Qf3 Be6 16. Rfd1 Rac8 17. Rac1 Bxd5 18. exd5 Rc4 19. Qe4 Rfc8 20. f4 Qf6 21. Qe5 Qb6 22. b3 d3+ 23. Kh1 Rxc2 24. Rxc2 dxc2 1/2-1/2

[Event "COL Intercollegiate-ch rapid U18"]
[Site "Paipa"]
[Date "2019.12.14"]
[Round "2"]
[White "Sabogal Varela, Jose Joaquin"]
[Black "Salas Severiche, Ruben Dario"]
[Result "1-0"]
[WhiteElo "1737"]
[BlackElo "1536"]
[PlyCount "67"]
[EventDate "2019.12.14"]
[EventType "swiss (rapid)"]
[EventRounds "6"]
[EventCountry "COL"]
[SourceTitle "CBM 193 Extra"]
[Source "ChessBase"]
[SourceDate "2020.01.31"]
[SourceVersion "1"]
[SourceVersionDate "2020.01.31"]
[SourceQuality "1"]

1. d4 c6 2. c4 d5 3. Nf3 Nf6 4. g3 Bf5 5. Nc3 e6 6. Bg2 Nbd7 7. 0-0 c5 8. cxd5 exd5 9. Nh4 Bg6 10. Nxg6 fxg6 11. dxc5 Bxc5 12. Nxd5 0-0 13. b4 Be7 14. Nxe7+ Qxe7 15. a3 Rad8 16. Qb3+ Kh8 17. e3 Ne5 18. Bb2 b6 19. Rad1 Nf7 20. Rxd8 Rxd8 21. Bxf6 gxf6 22. Rd1 Kg7 23. h4 Ne5 24. h5 Rxd1+ 25. Qxd1 Qc7 26. hxg6 hxg6 27. Qd2 Qe7 28. Qd5 Qc7 29. Qb7 Qxb7 30. Bxb7 Kf7 31. Kf1 Ke6 32. Ke2 g5 33. e4 Nc4 34. Bd5+ 1-0

[Event "COL Intercollegiate-ch U18"]
[Site "Paipa"]
[Date "2019.12.07"]
[Round "3"]
[White "Sabogal Varela, Jose Joaquin"]
[Black "De la Rosa Povea, Miguel Angel"]
[Result "1-0"]
[WhiteElo "1820"]
[BlackElo "1724"]
[PlyCount "165"]
[EventDate "2019.12.06"]
[EventType "swiss"]
[EventRounds "7"]
[EventCountry "COL"]
[SourceTitle "CBM 193 Extra"]
[Source "ChessBase"]
[SourceDate "2020.01.31"]
[SourceVersion "1"]
[SourceVersionDate "2020.01.31"]
[SourceQuality "1"]

1. d4 d5 2. c4 Nf6 3. Nf3 Bf5 4. Nc3 c6 5. cxd5 Nxd5 6. Qb3 Qb6 7. Qxb6 Nxb6 8. e4 Bg4 9. Ne5 Bc8 10. f4 e6 11. Be2 N8d7 12. Nf3 Nf6 13. a3 Be7 14. 0-0 0-0 15. h3 c5 16. Be3 cxd4 17. Nxd4 Nbd7 18. Rfd1 e5 19. Ndb5 Bd8 20. fxe5 Nxe5 21. Bc5 Re8 22. Nd6 Be7 23. Kh2 Bxd6 24. Bxd6 Nc6 25. Bf3 Bd7 26. e5 Nxe5 27. Bxb7 Rad8 28. Bc7 Rb8 29. Bxb8 Rxb8 30. Be4 Rxb2 31. Rab1 Rxb1 32. Rxb1 g6 33. a4 Nxe4 34. Nxe4 Bxa4 35. Ra1 Bb3 36. Rxa7 Kg7 37. g4 h6 38. Kg3 Bd5 39. Nd6 Be6 40. Ra8 Nc6 41. h4 g5 42. Ne8+ Kh7 43. Nf6+ Kg6 44. hxg5 hxg5 45. Ne4 f6 46. Ra6 Bd5 47. Nc3 Ne7 48. Ra7 Nc8 49. Rc7 Be6 50. Ne4 f5 51. Nc5 fxg4 52. Nxe6 Nd6 53. Kxg4 Ne8 54. Ra7 Nf6+ 55. Kf3 Kf5 56. Nd4+ Ke5 57. Nc6+ Kd6 58. Nd4 Ke5 59. Ne2 g4+ 60. Kg3 Kf5 61. Ra5+ Ke4 62. Nf4 Nd7 63. Kxg4 Nf6+ 64. Kg5 Nd7 65. Ng6 Kd4 66. Ra1 Nb6 67. Ne7 Nc4 68. Nf5+ Kd3 69. Kf4 Nb6 70. Rd1+ Kc4 71. Ke4 Na4 72. Rc1+ Nc3+ 73. Ke3 Kb4 74. Kd3 Nb5 75. Ng7 Nd6 76. Ne6 Kb5 77. Kd4 Nf5+ 78. Ke5 Ne7 79. Nc7+ Ka4 80. Rb1 Nc6+ 81. Kd5 Nb4+ 82. Kc4 Na2 83. Na6 1-0

[Event "Pan American-ch School U17"]
[Site "Medellin"]
[Date "2019.11.14"]
[Round "4"]
[White "Sabogal Varela, Jose Joaquin"]
[Black "Lopez Rayo, Santiago"]
[Result "0-1"]
[WhiteElo "1808"]
[BlackElo "2049"]
[PlyCount "112"]
[EventDate "2019.11.12"]
[EventType "swiss"]
[EventRounds "9"]
[EventCountry "COL"]
[SourceTitle "CBM 193 Extra"]
[Source "ChessBase"]
[SourceDate "2020.01.31"]
[SourceVersion "1"]
[SourceVersionDate "2020.01.31"]
[SourceQuality "1"]

1. d4 Nf6 2. Bg5 d5 3. Nf3 c6 4. c4 Nbd7 5. Nc3 e6 6. Qc2 Bd6 7. e3 dxc4 8. e4 e5 9. Rd1 Qc7 10. Bxc4 Be7 11. 0-0 0-0 12. Be2 Qa5 13. d5 Re8 14. h3 Bf8 15. a3 c5 16. Nb5 a6 17. b4 Qd8 18. Nc3 cxb4 19. axb4 b5 20. Qb3 Bd6 21. Rb1 Bb7 22. Nd2 h6 23. Be3 Rc8 24. Kh1 Qc7 25. Rfc1 Qb8 26. Nf1 Rxc3 27. Qxc3 Nxe4 28. Qb3 Nef6 29. Rd1 Qa8 30. Bf3 e4 31. Be2 Bxd5 32. Qc2 Be5 33. Bd4 e3 34. Nxe3 Be4 35. Qd2 Bf4 36. Bf1 Bxb1 37. Rxb1 Ne4 38. Qb2 Ne5 39. Nd1 Nd2 40. Ne3 Nxb1 41. Qxb1 Nc4 42. Nxc4 bxc4 43. Bc3 Qd5 44. Qb2 Be5 45. Bxe5 Rxe5 46. Qc1 Re4 47. Kh2 Qe5+ 48. g3 Qd4 49. Qc2 c3 50. Bxa6 Qxb4 51. Bd3 Re8 52. Bh7+ Kh8 53. Kg2 Qb7+ 54. f3 Qb2 55. Kf2 Qxc2+ 56. Bxc2 Rd8 0-1

[Event "COL-ch U18 sf1"]
[Site "Ibague"]
[Date "2019.04.05"]
[Round "3.2"]
[White "Manzano Gomez, Valentina"]
[Black "Sabogal Varela, Jose Joaquin"]
[Result "1/2-1/2"]
[WhiteElo "1604"]
[BlackElo "1762"]
[PlyCount "102"]
[EventDate "2019.04.04"]
[EventType "tourn"]
[EventRounds "6"]
[EventCountry "COL"]
[SourceTitle "EXT 2024"]
[Source "ChessBase"]
[SourceDate "2023.10.10"]
[SourceVersion "1"]
[SourceVersionDate "2023.10.10"]
[SourceQuality "1"]

1. e4 c5 2. Nf3 d6 3. d4 cxd4 4. Nxd4 Nf6 5. Nc3 a6 6. Bg5 e6 7. f4 Be7 8. Qf3 Qc7 9. 0-0-0 Nbd7 10. g4 b5 11. Bxf6 Nxf6 12. g5 Nd7 13. f5 Bxg5+ 14. Kb1 Ne5 15. Qh5 Qd8 16. Nxe6 Bxe6 17. fxe6 0-0 18. Bh3 g6 19. Qe2 fxe6 20. Bxe6+ Kh8 21. h4 Bxh4 22. Qh2 g5 23. Bf5 Ra7 24. Nd5 a5 25. Ne3 Qf6 26. Ng2 Nc4 27. c3 b4 28. Nxh4 gxh4 29. Qxh4 Qxh4 30. Rxh4 bxc3 31. bxc3 Rb8+ 32. Kc1 Rab7 33. Rdh1 Rb1+ 34. Kc2 Rxh1 35. Rxh1 Ne3+ 36. Kd3 Nxf5 37. exf5 Rb2 38. Rh6 Rxa2 39. Rxd6 Kg7 40. Rd7+ Kf6 41. Rxh7 Kxf5 42. Rh5+ Ke6 43. Kc4 Kd6 44. Rh6+ Kc7 45. Kb5 a4 46. Ra6 a3 47. Kb4 Ra1 48. Rxa3 Rxa3 49. Kxa3 Kc6 50. Kb4 Kb6 51. Kc4 Kc6 1/2-1/2

[Event "COL-ch U18 sf1"]
[Site "Ibague"]
[Date "2019.04.04"]
[Round "1.2"]
[White "Perez Valcarcel, Maria Jose"]
[Black "Sabogal Varela, Jose Joaquin"]
[Result "0-1"]
[WhiteElo "1461"]
[BlackElo "1762"]
[PlyCount "104"]
[EventDate "2019.04.04"]
[EventType "tourn"]
[EventRounds "6"]
[EventCountry "COL"]
[SourceTitle "EXT 2024"]
[Source "ChessBase"]
[SourceDate "2023.10.10"]
[SourceVersion "1"]
[SourceVersionDate "2023.10.10"]
[SourceQuality "1"]

1. e4 c5 2. Nc3 Nc6 3. g3 d6 4. Bg2 Nf6 5. Nge2 e6 6. d3 Be7 7. 0-0 0-0 8. h3 d5 9. f4 dxe4 10. dxe4 Qb6 11. Kh1 Rd8 12. Qe1 Nb4 13. Qf2 Nxc2 14. Rb1 Bd7 15. g4 Nd4 16. Ng3 Ne8 17. f5 Bh4 18. fxe6 Bxe6 19. Nd5 Bxd5 20. exd5 Qg6 21. Be3 Nc7 22. Bxd4 cxd4 23. d6 Rxd6 24. Bxb7 Rb8 25. Bg2 Rf6 26. Bf3 Ne6 27. Qg1 Bxg3 28. Qxg3 Rd8 29. Rbd1 Ng5 30. Rxd4 Rf8 31. Rf4 Rxf4 32. Qxf4 Nxh3 33. Qe3 Ng5 34. Kg2 Nxf3 35. Qxf3 h5 36. Qf5 Qxg4+ 37. Qxg4 hxg4 38. Rf4 f5 39. Ra4 Rf7 40. Kg3 g5 41. Rd4 Kg7 42. b4 Rb7 43. a3 Kf6 44. Rd6+ Kf7 45. Rc6 Rd7 46. Ra6 Rc7 47. Ra5 Ke6 48. Ra6+ Ke5 49. Ra5+ Ke4 50. Ra6 Rc3+ 51. Kg2 f4 52. Rxa7 Rc2+ 0-1

[Event "COL-ch Superate Intercol U18"]
[Site "Barranquilla"]
[Date "2018.11.28"]
[Round "4.1"]
[White "Oliveros, Camilo"]
[Black "Sabogal Varela, Jose Joaquin"]
[Result "1-0"]
[WhiteElo "2100"]
[BlackElo "1718"]
[PlyCount "65"]
[EventDate "2018.11.28"]
[EventType "swiss (blitz)"]
[EventRounds "12"]
[EventCountry "COL"]
[SourceTitle "EXT 2024"]
[Source "ChessBase"]
[SourceDate "2023.10.10"]
[SourceVersion "1"]
[SourceVersionDate "2023.10.10"]
[SourceQuality "1"]

1. c4 e5 2. g3 Nf6 3. Bg2 d5 4. cxd5 Nxd5 5. Nc3 Be6 6. Nf3 Nc6 7. d3 Be7 8. Nxd5 Bxd5 9. 0-0 0-0 10. b3 f5 11. Bb2 Bf6 12. Rc1 Qe7 13. a3 Rad8 14. Qc2 Rd7 15. b4 a6 16. Qc5 Qf7 17. Qc2 e4 18. Nd2 Bxb2 19. Qxb2 exd3 20. exd3 Bxg2 21. Kxg2 Rxd3 22. Kg1 Rfd8 23. Nc4 Qd5 24. Ne3 Qe4 25. Qa2+ Kh8 26. Qf7 Ne5 27. Qxf5 Rxe3 28. fxe3 Qxe3+ 29. Kh1 Ng6 30. Rxc7 Qd4 31. Rc8 Rg8 32. Rxg8+ Kxg8 33. Qc8+ 1-0

[Event "COL-ch Superate Intercol U18"]
[Site "Barranquilla"]
[Date "2018.11.28"]
[Round "10.4"]
[White "Sabogal Varela, Jose Joaquin"]
[Black "Tobar Beltran, Jorge Esteban"]
[Result "1-0"]
[WhiteElo "1718"]
[BlackElo "1747"]
[PlyCount "121"]
[EventDate "2018.11.28"]
[EventType "swiss (blitz)"]
[EventRounds "12"]
[EventCountry "COL"]
[SourceTitle "EXT 2024"]
[Source "ChessBase"]
[SourceDate "2023.10.10"]
[SourceVersion "1"]
[SourceVersionDate "2023.10.10"]
[SourceQuality "1"]

1. e4 e6 2. d4 d5 3. e5 c5 4. c3 Nc6 5. Nf3 Qb6 6. a3 c4 7. Nbd2 Na5 8. Rb1 Bd7 9. Be2 Nb3 10. Nxb3 Ba4 11. Be3 Bxb3 12. Qd2 f6 13. 0-0 fxe5 14. Nxe5 Nf6 15. f4 Bd6 16. Bf3 0-0 17. g4 Qc7 18. g5 Nd7 19. Bg4 Rae8 20. h4 a5 21. h5 b5 22. Qh2 Qa7 23. Rf2 b4 24. axb4 axb4 25. Qh3 Bxe5 26. Bxe6+ Rxe6 27. Qxe6+ Kh8 28. fxe5 Rxf2 29. Bxf2 Nf8 30. Qe8 Kg8 31. Rf1 Ba4 32. Qd8 Qd7 33. Qxd7 Bxd7 34. Be3 bxc3 35. bxc3 Ba4 36. Ra1 Bb3 37. Ra8 Kf7 38. Ra7+ Kg8 39. Re7 g6 40. h6 Bc2 41. Bf4 Bf5 42. Rg7+ Kh8 43. Ra7 Kg8 44. Ra5 Ne6 45. Be3 Be4 46. Kf2 Kf7 47. Ke1 Kg8 48. Kd2 Nf8 49. Ra8 Kf7 50. Ra7+ Kg8 51. Kc1 Bd3 52. Kb2 Bf5 53. Ka3 Ne6 54. Kb4 Nd8 55. Ra8 Kf7 56. Rxd8 Be6 57. Ra8 Bd7 58. Ra7 Ke6 59. Rxd7 Kxd7 60. Kc5 Ke6 61. Bd2 1-0

[Event "COL-ch U18"]
[Site "Barranquilla"]
[Date "2018.11.25"]
[Round "4"]
[White "Sabogal Varela, Jose Joaquin"]
[Black "Perea Erazo, Janyert Julian"]
[Result "1-0"]
[WhiteElo "1861"]
[BlackElo "1597"]
[PlyCount "61"]
[EventDate "2018.11.24"]
[EventType "swiss"]
[EventRounds "7"]
[EventCountry "COL"]
[SourceTitle "CBM 187 Extra"]
[Source "ChessBase"]
[SourceDate "2018.11.04"]
[SourceVersion "1"]
[SourceVersionDate "2018.11.04"]
[SourceQuality "1"]

1. d4 Nf6 2. Nf3 g6 3. c4 Bg7 4. Nc3 d5 5. cxd5 Nxd5 6. e4 Nxc3 7. bxc3 c5 8. Be3 Nc6 9. Bc4 0-0 10. h3 Qa5 11. 0-0 cxd4 12. cxd4 b6 13. Qb3 e6 14. Rac1 Bb7 15. d5 exd5 16. Bxd5 Nd8 17. Rc7 Bxd5 18. exd5 Qa6 19. d6 Ne6 20. Rxf7 Rxf7 21. Qxe6 Qc8 22. Qd5 Qb7 23. Qe6 Qd7 24. Qd5 Qb7 25. Qb3 Kh8 26. Rc1 Rd7 27. Qe6 Rc8 28. Rxc8+ Qxc8 29. Ne5 Bxe5 30. Qxe5+ Kg8 31. Qe6+ 1-0